The future of money in the information age (Record no. 8846)

MARC details
000 -LEADER
fixed length control field 00447nam a22001817a 4500
003 - CONTROL NUMBER IDENTIFIER
control field OSt
005 - DATE AND TIME OF LATEST TRANSACTION
control field 20240625154136.0
008 - FIXED-LENGTH DATA ELEMENTS--GENERAL INFORMATION
fixed length control field 240625b |||||||| |||| 00| 0 eng d
020 ## - INTERNATIONAL STANDARD BOOK NUMBER
International Standard Book Number 9781882577521
040 ## - CATALOGING SOURCE
Transcribing agency MUST
082 ## - DEWEY DECIMAL CLASSIFICATION NUMBER
Classification number 332.4 FUT 1987
100 ## - MAIN ENTRY--PERSONAL NAME
Personal name Dorn,James A
9 (RLIN) 17877
245 ## - TITLE STATEMENT
Title The future of money in the information age
Statement of responsibility, etc. James A,Dorn
300 ## - PHYSICAL DESCRIPTION
Extent 171p.
Dimensions 23cm
504 ## - BIBLIOGRAPHY, ETC. NOTE
Bibliography, etc index
650 ## - SUBJECT ADDED ENTRY--TOPICAL TERM
Source of heading or term Money
942 ## - ADDED ENTRY ELEMENTS (KOHA)
Source of classification or shelving scheme Dewey Decimal Classification
Koha item type Open Shelf
Holdings
Withdrawn status Lost status Source of classification or shelving scheme Damaged status Not for loan Home library Current library Date acquired Source of acquisition Inventory number Total Checkouts Full call number Barcode Date last seen Price effective from Koha item type
    Dewey Decimal Classification     MUST Main Library MUST Main Library 25/06/2024 Purchase 14/38789   332.4 FUT 1987 2024-21322 25/06/2024 25/06/2024 Open Shelf